Online
Catalog

Manual de microbiología bucal / (Record no. 18480)

MARC details
000 -CABECERA
campo de control de longitud fija 00904nam a2200253 a 4500
001 - NÚMERO DE CONTROL
campo de control 000018962
005 - FECHA Y HORA DE LA ÚLTIMA TRANSACCIÓN
campo de control 20250409122710.0
008 - DATOS DE LONGITUD FIJA--INFORMACIÓN GENERAL
campo de control de longitud fija 100329s1982 dr a 000 0 spa d
040 ## - FUENTE DE LA CATALOGACIÓN
Centro catalogador/agencia de origen DO-SdBNP
Lengua de catalogación spa
Centro/agencia transcriptor BNPHU
082 ## - NÚMERO DE LA CLASIFICACIÓN DECIMAL DEWEY
Número de clasificación 616.31
Número de documento/Ítem V476m
049 ## - FONDOS LOCALES (OCLC)
Fondos de biblioteca BNPD
100 1# - ENTRADA PRINCIPAL--NOMBRE DE PERSONA
Nombre de persona Holguín-Veras Tabar, Oscar
9 (RLIN) 37844
245 10 - MENCIÓN DE TÍTULO
Título Manual de microbiología bucal /
Mención de responsabilidad, etc. Oscar Holguín-Veras Tabar.
260 ## - PUBLICACIÓN, DISTRIBUCIÓN, ETC.
Lugar de publicación, distribución, etc. San Pedro de Macorís, Republica Dominicana :
Nombre del editor, distribuidor, etc. UCE,
Fecha de publicación, distribución, etc. 1982.
300 ## - DESCRIPCIÓN FÍSICA
Extensión 138 p. :
Otras características físicas retrs. ;
Dimensiones 23 cm.
490 1# - MENCIÓN DE SERIE
Mención de serie Textos
Designación de volumen o secuencia v. 1
500 ## - NOTA GENERAL
Nota general Incluye datos biografícos del autor en la contracubierta
504 ## - NOTA DE BIBLIOGRAFÍA, ETC.
Nota de bibliografía, etc. Incluye bibliografía (p. 133-136)
650 #4 - PUNTO DE ACCESO ADICIONAL DE MATERIA--TÉRMINO DE MATERIA
Término de materia o nombre geográfico como elemento de entrada Bacteriología de la boca
9 (RLIN) 37848
650 #4 - PUNTO DE ACCESO ADICIONAL DE MATERIA--TÉRMINO DE MATERIA
Término de materia o nombre geográfico como elemento de entrada Enfermedades de la boca
Subdivisión general Problemas, ejercicios, etc.
9 (RLIN) 38409
650 #4 - PUNTO DE ACCESO ADICIONAL DE MATERIA--TÉRMINO DE MATERIA
Término de materia o nombre geográfico como elemento de entrada Boca
Subdivisión general Enfermedades
9 (RLIN) 38410
710 1# - PUNTO DE ACCESO ADICIONAL--NOMBRE DE ENTIDAD CORPORATIVA
Nombre de entidad corporativa o nombre de jurisdicción como elemento de entrada Universidad Central del Este
9 (RLIN) 37229
830 #0 - PUNTO DE ACCESO ADICIONAL DE SERIE-TÍTULO UNIFORME
Título uniforme Textos
Número de parte o sección de la obra no. 1
9 (RLIN) 38411
Holdings
Estado de retiro Estado de pérdida No para préstamo Código de colección Localización permanente Ubicación/localización actual Ubicación en estantería Fecha de adquisición Número de inventario Total de préstamos Signatura topográfica completa Código de barras Fecha visto por última vez Precio válido a partir de Tipo de ítem Koha
    Excluido de préstamo Patrimonio Dominicano Patrimonio Dominicano Patrimonio Dominicano En catalogación 21.05.2010 LF1   616.31 V476m 18962-10 25.06.2020 25.06.2020 Libro y Folleto Colección Patrimonio Dominicano

Powered by Koha